ბათუმის შოთა რუსთაველის სახელმწიფო უნივერსიტეტის ბიბლიოთეკა

მოთხრობები. ტ. 1 (ბიბ.ჩანაწერი № 49965)

000 -LEADER
fixed length control field 00660nam a2200205Ia 4500
001 - CONTROL NUMBER
control field 16901
003 - CONTROL NUMBER IDENTIFIER
control field GE_BSU
008 - FIXED-LENGTH DATA ELEMENTS--GENERAL INFORMATION
fixed length control field 181216s||||||||xx |||||||||||||| ||und||
040 ## - CATALOGING SOURCE
Transcribing agency GE_BSU
080 ## - UNIVERSAL DECIMAL CLASSIFICATION NUMBER
Universal Decimal Classification number 821.161.1-32
100 ## - MAIN ENTRY--PERSONAL NAME
Personal name ტურგენევი, ი.ს.
245 ## - TITLE STATEMENT
Title მოთხრობები. ტ. 1
245 ## - TITLE STATEMENT
Statement of responsibility, etc. თარგმ. იოსებ მჭედლიშვილისა ; რედ. ნ. ანანიაშვილისა
260 ## - PUBLICATION, DISTRIBUTION, ETC.
Place of publication, distribution, etc. თბილისი
260 ## - PUBLICATION, DISTRIBUTION, ETC.
Name of publisher, distributor, etc. სახელგამი
260 ## - PUBLICATION, DISTRIBUTION, ETC.
Date of publication, distribution, etc. 1955
300 ## - PHYSICAL DESCRIPTION
Extent 458 გვ.21 სმ.
653 ## - INDEX TERM--UNCONTROLLED
Uncontrolled term მოთხრობები
942 ## - ADDED ENTRY ELEMENTS (KOHA)
Koha item type წიგნი
ეგზემპლარები
Withdrawn status Lost status Damaged status Not for loan Date acquired Barcode Date last seen Price effective from Koha item type
        2018-12-17 21946 2018-12-17 2018-12-17 წიგნი
        2018-12-17 21947 2018-12-17 2018-12-17 წიგნი
        2018-12-17 21948 2018-12-17 2018-12-17 წიგნი